| 000 | 00755cam a22002533a 4500 | ||
|---|---|---|---|
| 001 | 26678 | ||
| 003 | PGUSA | ||
| 005 | 20140828083557.0 | ||
| 008 | 080921s2008||||xxu|||||s|||||000 1 eng d | ||
| 040 |
_aPGUSA _beng |
||
| 042 | _adc | ||
| 050 | 4 | _aPS | |
| 100 | 1 |
_aSmith, F. Berkeley _q(Frank Berkeley), _d1869-1931 |
|
| 245 | 1 | 2 |
_aA Village of Vagabonds _h[electronic resource] / _cF. Berkeley Smith |
| 260 |
_bProject Gutenberg, _c2008 |
||
| 506 | _aPublic domain in the USA. | ||
| 516 | _aElectronic text | ||
| 653 | _aAmericans -- France -- Fiction | ||
| 653 | _aNormandy (France) -- Fiction | ||
| 653 | _aCity and town life -- Fiction | ||
| 830 | 0 |
_aProject Gutenberg _v26678 |
|
| 856 | 4 | 0 | _uhttp://www.gutenberg.org/ebooks/26678 |
| 942 | _cEB | ||
| 999 |
_c255933 _d255933 |
||